Terrorismo internacional en el Cono Sur /

Gorde:
Xehetasun bibliografikoak
Egile nagusia: MacLachlan, Colin M
Erakunde egilea: Instituto de Investigaciones Culturales Latinoamericanas
Beste egile batzuk: ed.
Formatua: Texto
Argitaratua: Tijuana: IICLA
Gaiak:
Etiketak: Etiketa erantsi
Etiketarik gabe, Izan zaitez lehena erregistro honi etiketa jartzen!

MARC

LEADER 00000 a a2200000 04500
001 27862
003
040
090 |a 187300  
100 |a MacLachlan, Colin M  
110 |a Instituto de Investigaciones Culturales Latinoamericanas  
245 |a Terrorismo internacional en el Cono Sur /  |c Colin M MacLachlan 
260 |a Tijuana:   |b IICLA  
300 |a 185 p  
500 |a Una publicación de Servicio Público de la Revista Occidental  
650 |a TERRORISMO  
650 |a INTEGRISMO  
650 |a ISLAM  
650 |a MUSULMANES  
650 |a HISTORIA SOCIAL  
650 |a ARMAS  
650 |a MEDIOS DE COMUNICACION DE MASAS  
700 |a ed.  
999 |c 15336  |d 15336